Devine la ville - France - Statistiques

Statistiques générales
  • Ce quiz a été pris 910 fois
  • Le résultat moyen est 10 sur 20
Statistiques - réponses
Question Réponse % Correct
La ville rose Toulouse
91%
Siège du parlement européen Strasbourg
73%
Accueille la compétition automobile qui porte son nom Le Mans
66%
Le plus de titre de Ligue 1 Saint-étienne
66%
Port bouché par la sardine Marseille
62%
Connu pour son festival Cannes
57%
Lieu de pèlerinage Lourdes
57%
Jeanne d'Arc y fut brulé Rouen
55%
Lieu de naissance de Napoléon 1er Ajaccio
53%
A inspiré le nom d'une nouvelle ville aux Etats Unis Orléans
49%
Borde le bassin du même nom Arcachon
45%
Ville côtière à la frontière avec lItalie Menton
45%
Connu pour le porcelaine Limoges
44%
Siège social de Michelin Clermont-Ferrand
42%
Port d'évacuation des Anglais pendant la seconde guerre mondiale Dunkerque
40%
Aéroport le plus fréquentés hors Ile de France Nice
38%
État Major et préfecture maritime de l'océan Atlantique Brest
27%
A hébergé le sommet du G20 en 2019 Biarritz
26%
Seconde commune la plus peuplée d'Ile de France Boulogne Billancourt
16%
Plus haute ville Chamonix
16%
Aucun quiz correspondant
Distribution des résultats
% des personnes avec chaque résultat
Percentile par nombre de réponses
Votre historique - résultats
Vous n’avez pas pris ce quiz